000 00802nmc a2200253 a 4500
003 AR-BaBNM
005 20251128203046.0
008 011101s1988 ||||||||||||||000 | spa||
020 _a950-602-173-2
040 _cAR-BaBNM
100 1 _aRomano, Eduardo M.
245 1 0 _aLa computadora en el tratamiento de los problemas de aprendizaje
_bteoría y técnica de la informática clínica
260 _aBuenos Aires
_bNueva Visión
_c1988
300 0 _a140 p.
_bdiagr.
490 0 _aAlternativas en salud mental
504 _aBibliografía: p. 137-140
650 4 _aENSENANZA POR COMPUTADORA
650 4 _aALUMNOS DE APRENDIZAJE LENTO
650 4 _aEDUCACION ESPECIAL
653 0 _aPROCESO DE ENSENANZA-APRENDIZAJE
800 1 _aEcheverría, Haydeé
_edirector
942 _cBK
998 _csilvi
999 _c1704
_d1704